000 00316nam a22001337a 4500
008 170623b xxu||||| |||| 00| 0 eng d
020 _a2900872896078
041 _aeng
080 _23RD
_a32
100 _a21
101 _aSHP
245 _aAN SPSS COMPANION TO POLITICAL ANALYSIS
_cPOLLOCK,PH.H
942 _2udc
_cBK
999 _c18971
_d18971